| 000 | 00832cam a22002773a 4500 | ||
|---|---|---|---|
| 001 | 21048 | ||
| 003 | PGUSA | ||
| 005 | 20140828083440.0 | ||
| 008 | 070412s2007||||xxu|||||s|||||000 1 eng d | ||
| 040 |
_aPGUSA _beng |
||
| 042 | _adc | ||
| 050 | 4 | _aPZ | |
| 100 | 1 |
_aWebster, Jean, _d1876-1916 |
|
| 245 | 1 | 0 |
_aJust Patty _h[electronic resource] / _cJean Webster |
| 260 |
_bProject Gutenberg, _c2007 |
||
| 506 | _aPublic domain in the USA. | ||
| 516 | _aElectronic text | ||
| 653 | _aGirls -- Juvenile fiction | ||
| 653 | _aHigh school students -- Juvenile fiction | ||
| 653 | _aFriendship -- Juvenile fiction | ||
| 653 | _aBoarding schools -- Juvenile fiction | ||
| 700 | 1 |
_aRelyea, C. M. _q(Charles M.), _d1863-1932 |
|
| 830 | 0 |
_aProject Gutenberg _v21048 |
|
| 856 | 4 | 0 | _uhttp://www.gutenberg.org/ebooks/21048 |
| 942 | _cEB | ||
| 999 |
_c250303 _d250303 |
||